| 000 | 01415nam a22003494a 4500 | ||
|---|---|---|---|
| 001 | ebr10075723 | ||
| 003 | CaPaEBR | ||
| 006 | m u | ||
| 007 | cr cn||||||||| | ||
| 008 | 021213s2003 enk sb 001 0 eng | ||
| 010 | _z 2002045163 | ||
| 020 | _z0719057388 (pbk.) | ||
| 040 |
_aCaPaEBR _cCaPaEBR |
||
| 035 | _a(OCoLC)57756789 | ||
| 050 | 1 | 4 |
_aBH221.G33 _bB68 2003eb |
| 082 | 0 | 4 |
_a111/.85/094309033 _221 |
| 100 | 1 |
_aBowie, Andrew, _d1952- |
|
| 245 | 1 | 0 |
_aAesthetics and subjectivity _h[electronic resource] : _bfrom Kant to Nietzsche / _cAndrew Bowie. |
| 250 | _a2nd ed., completely re-written and updated. | ||
| 260 |
_aManchester, UK ; _aNew York : _bManchester University Press, _c2003. |
||
| 300 | _aviii, 345 p. | ||
| 504 | _aIncludes bibliographical references (p. [336]-341) and index. | ||
| 533 |
_aElectronic reproduction. _bPalo Alto, Calif. : _cebrary, _d2013. _nAvailable via World Wide Web. _nAccess may be limited to ebrary affiliated libraries. |
||
| 650 | 0 |
_aAesthetics, German _y18th century. |
|
| 650 | 0 |
_aAesthetics, German _y19th century. |
|
| 650 | 0 |
_aAesthetics, Modern _y18th century. |
|
| 650 | 0 |
_aAesthetics, Modern _y19th century. |
|
| 650 | 0 | _aSubjectivity. | |
| 655 | 7 |
_aElectronic books. _2local |
|
| 710 | 2 | _aebrary, Inc. | |
| 856 | 4 | 0 |
_uhttp://site.ebrary.com/lib/rucke/Doc?id=10075723 _zAn electronic book accessible through the World Wide Web; click to view |
| 999 |
_c154967 _d154967 |
||